000 00457nam a2200181Ia 4500
008 230524s9999 xx 000 0 und d
020 _a9788177582291
082 _a381.142
_bRAN
100 _aM.Ranganatham
245 0 _aInvestment Analysis And Portfolio Management
250 _aIST
260 _aNEW DELHI
_b Pearson
_c2008
300 _aXIII;522
500 _aQuantity Number: 4
650 _aManagement
700 _a R.Madhumati
942 _cBK
999 _c42309
_d42309